000
00256nam a2200109Ia 4500
008
231212s1967 xx 000 0 und d
041
_a
eng
082
_a
621.3841
100
_a
Gupta M.L.
245
_a
Electronics and Radio
260
_a
Delhi
_b
Khanna
_c
1967
999
_c
958979
_d
958979